Регионална библиотека "Любен Каравелов" - Русе

Моята първа енциклопедия (Запис номер 31606)

MARC детайли
000 -Лидер
Контролно поле с фиксирана дължина 02079nam a2200433 c 4500
003 - Код на организацията, давaща контролен номер
Контролно поле BLK
005 - Дата и час на последна редакция
Контролно поле 20180422100026.0
008 - Елементи от данни с фиксирана дължина
fixed length control field 180407b bul|||||r ||||||| ||bul||
010 ## - Наследен системен номер
LC control number KNG00034256000
020 ## - Международен стандартен номер на книга ISBN
Международен стандартен номер на книга ISBN 954-8023-58-Х
-- издат.: Слънце - на том(кн. 12)
040 ## - Източник на каталожния запис
Идентификатор на билиотеката - собственик на записа BLK
041 ## - Код за език
Код за езика на текст/звукозапис или на отделно заглавие Български
Код за езика КДБФ Български
080 ## - УДК
Текстов определител УДК
УДК код - определител по УДК 611/613
УДК определител (031)
УДК - код + определител 611/613(031)
139 ## - Редно поле
Редна дума Моята първа енциклопедия
Авторски знак Мот - М 93
245 10 - Сведения за заглавието
Заглавие Моята първа енциклопедия
Подзаглавни данни Кн. 1 -
Редно поле (дума) прев. от фр. Любов Неделчева Драганова; авт. на том Флоранс Весел; ил. на том Дьониз Базен.
Том Кн. 12
Заглавие на том Тялото
257 ## - Страна на издаване
Страна на създаване/издаване Великобритания
260 ## - Област на издателските данни
-- София
Година на издаване 1994 -
300 ## - Физическа характеристика
Размери/Мащаб 18 см
380 ## - Жанр
Жанр Детска отраслова лит.
500 ## - Общи забележки
Забележка Прев. oт фр. изд. Ma premiere encyclopedie на изд. Larousse ; Ориг. загл. на англ. ез.
650 #4 - Допълнително описание по предмет – тема
Основно описание – тема или топоним Човешко тяло
9 (RLIN) 251064
650 #4 - Допълнително описание по предмет – тема
Основно описание – тема или топоним Анатомия - на човека
9 (RLIN) 254168
650 #4 - Допълнително описание по предмет – тема
Основно описание – тема или топоним Физиология - на човека - енциклопедии и справочници
9 (RLIN) 245768
653 ## - Ключова дума – ненормативна
Ключова дума човешко тяло
653 ## - Ключова дума – ненормативна
Ключова дума анатомия
653 ## - Ключова дума – ненормативна
Ключова дума физиология
653 ## - Ключова дума – ненормативна
Ключова дума енциклопедии
653 ## - Ключова дума – ненормативна
Ключова дума литература за деца
653 ## - Ключова дума – ненормативна
Ключова дума детска литература
700 1# - Други автори (авторска отговорност)
Лично име Драганова, Любов Неделчева
Автороска отговорност (Описва отношението между автора и произведението) прев. от фр.
9 (RLIN) 365585
700 1# - Други автори (авторска отговорност)
Лично име Весел, Флоранс
Автороска отговорност (Описва отношението между автора и произведението) авт. на том
9 (RLIN) 271660
700 1# - Други автори (авторска отговорност)
Лично име Базен, Дьониз
Автороска отговорност (Описва отношението между автора и произведението) ил. на том
9 (RLIN) 271661
760 1# - Описание на основната серия
-- - на том(кн. 12)
Място на издаване, издател и година Слънце, 1996
Страници - том 125 с. : с цв. ил.
Забележка - том Ориг. загл. Le Corps. - Авт. не са отбелязани на кор. ; Други авт. : Пиер-Оливие Веселр Жан-Батист Карланде. - 4 348 тир.
Заглавие Кн. 12 Тялото
852 ## - Местоположение
Форматна сигнатура Цб І 27901
856 4# - Електронен адрес и достъп
Електронен формат pdf - файл
Път до файла /url/
856 4# - Електронен адрес и достъп
Електронен формат pdf - файл
Път до файла /url/
942 ## - АРТИКУЛИ
Вид на библиотечния материал Книги
Скрит в OPAC Не
944 ## - СЪЗДАВАНЕ И РЕДАКЦИЯ на ЗАПИСА
Създаване/Редакция Създаване
Дата на регистрацията/редакция 15.01.2003
Статус, дата на статуса ф /
Служител, извършил регистрацията/редакцията Людмила_Стоянова
944 ## - СЪЗДАВАНЕ И РЕДАКЦИЯ на ЗАПИСА
Създаване/Редакция Редакция
Дата на регистрацията/редакция 17.08.2011
Статус, дата на статуса ф /
Служител, извършил регистрацията/редакцията
999 ## - СИСТЕМНИ КОНТРОЛНИ НОМЕРА
Koha biblionumber 31606
Koha biblioitemnumber 31606
Наличности
Код за отписване Код за изгубен артикул Източник на класификационната схема Код за повреда Коз за рестрикции Код за отдаване Артикулен № Име на библиотеката - собственик Име на библиотеката, в която се намира в момента Статус (Текущо местоположение) Дата на вписване в системата Местоположение - отдел Цена в лева Инвентарен номер Систематично азбучна сигнатура Баркод Номер на екземпляра Цена в евро Служебна бележка Служебен тип на артикула Бележка за публиката
  Не е изгубен Universal Decimal Classification Не е повреден без рестрикции ползва се в читалня 50315 Регионална библиотека "Любен Каравелов" Русе Регионална библиотека "Любен Каравелов" Русе Хранилище 1996-01-01 Хранилище 1.47 620917 Цб І 27901 120000620917 1 0.75 Дост: Dp Вид: Д N: стар фонд Дата: 01.01.1996 Книги  
Изтеглен Не е изгубен   Не е повреден без рестрикции заемане за дома 50316 Регионална библиотека "Любен Каравелов" Русе Регионална библиотека "Любен Каравелов" Русе   1996-01-01 Детски отдел 8.20 647840 ДН 61/М 93 647840 2 4.19 Дост: Pk Вид: Ф N: стар фонд Дата: 01.01.1996 Дата инв: 02.10.2015 Бележки инв: Д2015 Книги Отч.N: 48/17 , Дата: 06.10.2017
Изтеглен Не е изгубен Universal Decimal Classification Не е повреден без рестрикции заемане за дома 50317 Регионална библиотека "Любен Каравелов" Русе Регионална библиотека "Любен Каравелов" Русе Детски отдел 1996-01-01 Детски отдел 1.50 619645 ДН 61/М 93 619645 3 0.77 Дост: Pk Вид: Ф N: стар фонд Дата: 01.01.1996 Дата инв: 02.10.2015 Бележки инв: Д2015 Книги  
Изтеглен Не е изгубен Universal Decimal Classification Не е повреден без рестрикции заемане за дома 50318 Регионална библиотека "Любен Каравелов" Русе Регионална библиотека "Любен Каравелов" Русе Детски отдел 1996-01-01 Детски отдел 1.50 619647 ДН 61/М 93 619647 4 0.77 Дост: Pk Вид: Ф N: стар фонд Дата: 01.01.1996 Дата инв: 02.10.2015 Бележки инв: Д2015 Книги  
Vip Innovations Ltd, Rousse, Bulgaria 2025